Most Valuable Players In The WNBA - Statistics

General Stats
  • This quiz has been taken 24 times
  • The average score is 7 of 16
Answer Stats
Year Country Answer Team % Correct
2020/2022/2024 USA A'ja Wilson Las Vegas Aces
90%
2009 USA Diana Taurasi Phoenix Mercury
75%
2018/2023 USA Brianna Stewart Seattle Storm
70%
2008/2013 USA Candace Parker Los Angeles Sparks
65%
2014 USA Maya Moore Minnesota Lynx
60%
2021 Bahamas/ Bosnia and Herzegovinia Jonquel Jones Connecticut Sun
50%
2011 USA Tamika Catchings Indiana Fever
45%
2003/2007/2010 Australia Lauren Jackson Seattle Storm
40%
2000/2002/2005 USA Sheryl Swoopes Houston Comets
40%
2001/2004/2006 USA Lisa Leslie Los Angeles Sparks
35%
2012 USA Tina Charles Connecticut Sun
35%
2016 USA Nneka Ogwumike Los Angeles Sparks
30%
1997/1998 USA Cynthia Cooper Houston Comets
15%
1999 USA Yolanda Griffith Sacramento Monarchs
10%
2017 USA Sylvia Fowels Minnesota Lynx
5%
2015/2019 USA Elena Delle Donna Chicago Sky/Washington Mystics
0%
No matching quizzes found
Score Distribution
Percent of People with Each Score
Percentile by Number Answered
Your Score History
You have not taken this quiz